| 000 | 00786cab a2200253 4500 | ||
|---|---|---|---|
| 001 | ABS57113 | ||
| 008 | 090401t1997 xxu||||| |||| 00| 0 eng d | ||
| 035 | _a(Sirsi) u79052 | ||
| 041 | _aeng | ||
| 100 | _aGould, S. | ||
| 245 | _aApplication of PPG15 and PPG16 to record industrial and modern buildings | ||
| 260 | _c1997 | ||
| 350 | _a0 | ||
| 490 |
_aContext _v(54) June 1997, 14-16(3) |
||
| 520 | _aA look at planning policy guidance notes 15 & 16 and their role in making adequate recording of important historic buildings before decisions are made. Case studies. | ||
| 650 | _aHISTORIC BUILDINGS | ||
| 650 | _aIMPACT ASSESSMENT | ||
| 650 | _aLISTED BUILDINGS | ||
| 650 | _aPPG15 | ||
| 650 | _aPPG16 | ||
| 690 | _aCONSERVATION | ||
| 942 | _n0 | ||
| 948 | _c19/06/1997 | ||
| 999 |
_c49668 _d49668 |
||